Práce a Mzdy bez chýb, pokút a penále
Enregistré dans:
| Format: | Publication en série |
|---|---|
| Langue: | slovaque |
| Publié: |
Žilina
Poradca
|
| Sujets: | |
| Tags: |
Pas de tags, Soyez le premier à ajouter un tag!
|
MARC
| LEADER | 00000nas1a2200000$$$4500 | ||
|---|---|---|---|
| 001 | 0052295 | ||
| 005 | 20260227133949.5 | ||
| 022 | |a 1337-060X | ||
| 041 | 0 | |a slo | |
| 044 | |a SK | ||
| 245 | 1 | 0 | |a Práce a Mzdy |b bez chýb, pokút a penále |
| 264 | 1 | |a Žilina |b Poradca | |
| 610 | 2 | 0 | |a mzdy |
| 610 | 2 | 0 | |a dane |
| 610 | 2 | 0 | |a právo pracovné |
| 610 | 2 | 0 | |a zdroje ľudské |
| 610 | 2 | 0 | |a vzťahy pracovnoprávne |